Διερεύνηση προτύπων ποικιλότητας βεθνικής ενότητας στα παράκτια υγροτοπικά συστήματα των αλυκών Καλλονής Λέσβου : μεταπτυχιακή διατριβή

Αποθηκεύτηκε σε:
Λεπτομέρειες βιβλιογραφικής εγγραφής
Κύριος συγγραφέας: Μαϊδανού, Μαρία
Συγγραφή απο Οργανισμό/Αρχή: Πανεπιστήμιο Αιγαίου Σχολή Περιβάλλοντος Τμήμα Επιστημών της Θάλασσας Πρόγραμμα Μεταπτυχιακών Σπουδών Διαχείριση Παράκτιων Περιοχών
Άλλοι συγγραφείς: Κουτσούμπας, Δρόσος (Εισηγητής διατριβής)
Μορφή: Thesis Βιβλίο
Γλώσσα:Greek
Δημοσίευση: Μυτιλήνη : Πανεπιστήμιο Αιγαίου, Τμήμα Επιστημών της Θάλασσας, Μεταπτυχιακό Πρόγραμμα Σπουδών Διαχείριση Παράκτιων Περιοχών, 2006
Θέματα:
Ετικέτες: Προσθήκη ετικέτας
Δεν υπάρχουν, Καταχωρήστε ετικέτα πρώτοι!

MARC

LEADER 00000cam a2200000 i 4500
001 1/28081
008 060411s2006 gre d
035 |l 10083564 
040 |a GR-MY-UA  |b gre  |e aacr 
041 0 |a gre 
082 0 |a 578.77  |2 (22) 
100 1 |a Μαϊδανού, Μαρία. 
245 1 0 |a Διερεύνηση προτύπων ποικιλότητας βεθνικής ενότητας στα παράκτια υγροτοπικά συστήματα των αλυκών Καλλονής Λέσβου :  |b μεταπτυχιακή διατριβή /  |c Μαρία Μαϊδανου ; υπεύθυνος καθηγητής Δρόσος Κουτσούμπας 
260 |a Μυτιλήνη :   |b Πανεπιστήμιο Αιγαίου, Τμήμα Επιστημών της Θάλασσας, Μεταπτυχιακό Πρόγραμμα Σπουδών Διαχείριση Παράκτιων Περιοχών,   |c 2006 
300 |a 111 σ.;  |b διαγρ.;  |c 30 εκ. 
502 # # |a Διατριβή (μεταπτυχιακή) – Πανεπιστήμιο Αιγαίου, Λέσβος, 2006. 
504 |a Βιβλιογραφία: 91-105 
650 0 0 |a Benthos  |z Greece  |z Kallone (Lesbos Island) 
650 0 0 |a Marine ecology  |z Greece  |z Kallone (Lesbos Island) 
650 0 0 |a Marine biological diversity  |z Greece  |z Kallone (Lesbos Island) 
650 0 0 |a Dissertations, Academic  |z Greece. 
700 1 |4 ths  |a Κουτσούμπας, Δρόσος. 
710 2 |a Πανεπιστήμιο Αιγαίου  |b Σχολή Περιβάλλοντος  |b Τμήμα Επιστημών της Θάλασσας  |b Πρόγραμμα Μεταπτυχιακών Σπουδών Διαχείριση Παράκτιων Περιοχών. 
852 |a INST  |b LESVOS  |c DIATR  |e 20060411  |h 53  |p 005100035521  |q 005100035521  |t MTXE  |y 23 
852 |a INST  |b LESVOS  |c DIATR  |e 20060411  |h 54  |p 005100035369  |q 005100035369  |t MTXE  |y 23 
901 |a BIBL1-2006-1 
909 |a Λ  |b 126279 
909 |a Λ  |b 126280 
924 |a ΜΑΙΔΑΝΟΥ  |b ΜΑΡΙΑ  |y ΛΕΣΒΟΣ  |z 2006-04 
970 |a ΜΑΡΙΝΑΤΟΥ  |b ΜΥΡΣΙΝΗ  |z 2006/04/11